Produccions agro-pecuàries de Catalunya / Servei Central d' Estadística
Descripción Física:
4 fascicles en un volum ; 25 cm
MARC
| LEADER | 00000nam a2200000Ia 4500 | ||
|---|---|---|---|
| 001 | 544 | ||
| 008 | 160829s1936 - 1937 xx 000 0 cat d | ||
| 080 | |a C-1-570 | ||
| 100 | |a Catalunya. Servei Central d'Estadística |9 22247 | ||
| 245 | |a Produccions agro-pecuàries de Catalunya / Servei Central d' Estadística | ||
| 260 | |a Barcelona : |b (Imp. Casa President Macià), |c 1936 - 1937 | ||
| 300 | |a 4 fascicles en un volum ; |c 25 cm | ||
| 590 | |a Conté: 1 (cereals), 2 (llegums, arrels, tubèrculs i arbres fruiters), 3 (plantes hortícoles, vinya, olivar), 4 (plantes industrials, prats artificials) | ||
| 650 | |a Productes agrícoles |x Catalunya |x Estadístiques |9 21061 | ||
| 901 | |a Arxiu | ||
| 942 | |n 1 | ||
| 952 | |0 0 |1 0 |4 0 |6 C1570 |7 1 |9 41783 |a Arxiu |b Arxiu |d 2016-12-01 |l 0 |o C-1-570 |p 544 |r 2016-12-01 00:00:00 |w 2016-12-01 |y ARXIU | ||
| 999 | |c 43674 |d 43674 | ||